Word Ladder: Jaws Quiz Stats

 Plays Quiz Updated Aug 13, 2012

Support Sporcle.
Go Orange.
Score 0/21 Timer 02:00
0 Plays Today
Clue Answer % Correct
'Dawson's _____'CREEK
96.7%
Rusty hinge noiseCREAK
91.1%
This alphabet has 24 charactersGREEK
90.6%
Give a warm welcomeGREET
89.3%
Sound of a whipCRACK
88.3%
Rail lineTRACK
85.4%
Locate the origin of a phone callTRACE
82.6%
InscribeWRITE
81.6%
Lite-____ (light box toy)BRITE
80%
Kick the bucketCROAK
77.5%
'Et tu, ____?'BRUTE
77.4%
Clue Answer % Correct
With [rung 1] and [rung 16], Jaws villain♒SHARK
76.7%
Unit of ownership in a companySHARE
76.5%
Earthenware potCROCK
75.4%
With [rung 1] and [rung 21], Jaws villain♒WHITE
73.6%
With [rung 16] and [rung 21], Jaws villain♒GREAT
72.7%
Cease-fireTRUCE
70.5%
'Aw, do I have to?' e.g.WHINE
68.1%
Bilbo Baggins' homelandSHIRE
68%
Unofficial nickname for the Jaws villain
(and a Finding Nemo character)
♒BRUCE
68%
Instant Karma! (We All ____ On)SHINE
60.8%

Today's Daily Dose

Word Ladder
ING Words

Get the Picture
Nearest Volcano

Remove Ads.
Support Sporcle.
Get the best of Sporcle when you Go Orange. This ad-free experience offers more features, more stats, and more fun while also helping to support Sporcle. Thank you for becoming a member.

Show Comments

Extras

Top Quizzes Today


Score Distribution

Your Account Isn't Verified!

In order to create a playlist on Sporcle, you need to verify the email address you used during registration. Go to your Sporcle Settings to finish the process.

Report this User

Report this user for behavior that violates our Community Guidelines.

Details: